<?xml version="1.0" encoding="UTF-8"?>
<record
    xmlns:xsi="http://www.w3.org/2001/XMLSchema-instance"
    xsi:schemaLocation="http://www.loc.gov/MARC21/slim http://www.loc.gov/standards/marcxml/schema/MARC21slim.xsd"
    xmlns="http://www.loc.gov/MARC21/slim">

  <leader>01222nam a22002537a 4500</leader>
  <controlfield tag="005">20170124103040.0</controlfield>
  <datafield tag="010" ind1=" " ind2=" ">
    <subfield code="a">A-990047</subfield>
  </datafield>
  <datafield tag="020" ind1=" " ind2=" ">
    <subfield code="c">90.00</subfield>
    <subfield code="a">8186503056</subfield>
  </datafield>
  <datafield tag="035" ind1=" " ind2=" ">
    <subfield code="a">A-990047</subfield>
  </datafield>
  <datafield tag="037" ind1=" " ind2=" ">
    <subfield code="b">Cen Lib/Ret</subfield>
  </datafield>
  <datafield tag="040" ind1=" " ind2=" ">
    <subfield code="a">DPL</subfield>
    <subfield code="b">HN</subfield>
  </datafield>
  <datafield tag="082" ind1=" " ind2=" ">
    <subfield code="a">&#x909; </subfield>
    <subfield code="b">&#x91C;&#x935;&#x93E;&#x939; </subfield>
  </datafield>
  <datafield tag="100" ind1=" " ind2=" ">
    <subfield code="a">&#x91C;&#x935;&#x93E;&#x939;&#x930; &#x938;&#x93F;&#x902;&#x939; </subfield>
    <subfield code="9">67043</subfield>
  </datafield>
  <datafield tag="245" ind1=" " ind2=" ">
    <subfield code="a">&#x92C;&#x947;&#x91A;&#x93E;&#x930;&#x93E; &#x905;&#x92D;&#x93F;&#x92E;&#x928;&#x94D;&#x92F;&#x941; :</subfield>
    <subfield code="c">&#x91C;&#x935;&#x93E;&#x939;&#x930; &#x938;&#x93F;&#x902;&#x939; </subfield>
    <subfield code="b">&#x92F;&#x93E;&#x924;&#x94D;&#x930;&#x93E;&#x935;&#x943;&#x924;&#x94D;&#x924; &#x92A;&#x930; &#x906;&#x927;&#x93E;&#x930;&#x93F;&#x924; &#x90F;&#x915; &#x92E;&#x93E;&#x930;&#x94D;&#x92E;&#x93F;&#x915; &#x909;&#x92A;&#x928;&#x94D;&#x92F;&#x93E;&#x938; /</subfield>
  </datafield>
  <datafield tag="246" ind1=" " ind2=" ">
    <subfield code="a">Bechara abhimanyu : yatraverit par adharit ek marmik upanyas /</subfield>
    <subfield code="b">by Jawahar Singh</subfield>
  </datafield>
  <datafield tag="260" ind1=" " ind2=" ">
    <subfield code="b">&#x935;&#x93F;&#x926;&#x94D;&#x92F;&#x93E; &#x92A;&#x941;&#x938;&#x94D;&#x924;&#x915; &#x938;&#x926;&#x928; </subfield>
    <subfield code="a">&#x928;&#x908; &#x926;&#x93F;&#x932;&#x94D;&#x932;&#x940; </subfield>
    <subfield code="c">1997</subfield>
  </datafield>
  <datafield tag="270" ind1=" " ind2=" ">
    <subfield code="b">&#x928;&#x908; &#x926;&#x93F;&#x932;&#x94D;&#x932;&#x940; </subfield>
    <subfield code="a">&#x936;&#x93F;&#x935; &#x92E;&#x93E;&#x930;&#x94D;&#x915;&#x93F;&#x91F; &#x928;&#x94D;&#x92F;&#x942; &#x91A;&#x94D;&#x926;&#x94D;&#x930;&#x935;&#x932; &#x91C;&#x935;&#x93E;&#x939;&#x930; &#x928;&#x917;&#x930; </subfield>
    <subfield code="e">110007</subfield>
  </datafield>
  <datafield tag="300" ind1=" " ind2=" ">
    <subfield code="a">136&#x92A;&#x943;.</subfield>
    <subfield code="c">16&#x938;&#x947;&#x92E;&#x940;(&#x938;&#x91C;&#x93F;&#x932;&#x94D;&#x926; ) </subfield>
  </datafield>
  <datafield tag="650" ind1=" " ind2=" ">
    <subfield code="a"> &#x939;&#x93F;&#x902;&#x926;&#x940; &#x938;&#x93E;&#x939;&#x93F;&#x924;&#x94D;&#x92F; </subfield>
    <subfield code="x"> </subfield>
    <subfield code="z"> </subfield>
    <subfield code="9">67044</subfield>
  </datafield>
  <datafield tag="650" ind1=" " ind2=" ">
    <subfield code="a"> &#x939;&#x93F;&#x902;&#x926;&#x940; &#x938;&#x93E;&#x939;&#x93F;&#x924;&#x94D;&#x92F; </subfield>
    <subfield code="x">&#x909;&#x92A;&#x928;&#x94D;&#x92F;&#x93E;&#x938; </subfield>
    <subfield code="9">42619</subfield>
  </datafield>
  <datafield tag="650" ind1=" " ind2=" ">
    <subfield code="a">Hindi literature </subfield>
    <subfield code="9">67045</subfield>
  </datafield>
  <datafield tag="650" ind1=" " ind2=" ">
    <subfield code="a">Hindi literature </subfield>
    <subfield code="x">Fiction</subfield>
    <subfield code="9">67046</subfield>
  </datafield>
  <datafield tag="942" ind1=" " ind2=" ">
    <subfield code="2">ddc</subfield>
    <subfield code="c">HN</subfield>
    <subfield code="h">&#x909; </subfield>
    <subfield code="m">&#x91C;&#x935;&#x93E;&#x939; </subfield>
  </datafield>
  <datafield tag="999" ind1=" " ind2=" ">
    <subfield code="c">116538</subfield>
    <subfield code="d">116538</subfield>
  </datafield>
  <datafield tag="952" ind1=" " ind2=" ">
    <subfield code="0">4</subfield>
    <subfield code="1">0</subfield>
    <subfield code="4">0</subfield>
    <subfield code="7">0</subfield>
    <subfield code="a">L</subfield>
    <subfield code="b">L</subfield>
    <subfield code="d">2015-08-25</subfield>
    <subfield code="e">Cen Lib/Ref</subfield>
    <subfield code="g">90.00</subfield>
    <subfield code="l">0</subfield>
    <subfield code="o">&#x909;  &#x91C;&#x935;&#x93E;&#x939;</subfield>
    <subfield code="p">A-990047</subfield>
    <subfield code="r">2015-08-25 00:00:00</subfield>
    <subfield code="t">1</subfield>
    <subfield code="v">90.00</subfield>
    <subfield code="w">2015-08-25</subfield>
    <subfield code="y">HN</subfield>
    <subfield code="z">Written off on approval by DLB (By Circulation); dtd 15-06-2023</subfield>
  </datafield>
</record>
